| 000 | 00611cam a22002055a 4500 | ||
|---|---|---|---|
| 001 | L153530 | ||
| 002 | |||
| 008 | 110804s2011 xxk f 000 0 eng d | ||
| 020 | _a9781907698057 | ||
| 035 | _a(Sirsi) u153530 | ||
| 041 | 0 | _aeng | |
| 050 | 0 | 4 | _a346.410438 |
| 110 | 2 | _aLaw Society | |
| 245 | 0 | 0 | _aConveyancing protocol |
| 260 |
_aLondon _bLaw Society _c2011 |
||
| 520 | _aThe law Society's new preferred practice for conveyancing transcations of freehold and residential property. | ||
| 651 | 4 | _aENGLAND AND WALES | |
| 690 | _aPROPERTY-PROPERTY ACQUISITION AND DISPOSAL-CONVEYANCING | ||
| 942 | _n0 | ||
| 999 |
_c112573 _d112573 |
||